Informe de la Reunión Interregional de Expertos sobre los Aspectos de Asistencia Social de la Planificación de la Familia (Record no. 30925)

MARC details
000 -CABECERA
campo de control de longitud fija 00746nam a2200205 a 4500
005 - FECHA Y HORA DE LA ÚLTIMA TRANSACCIÓN
campo de control 20241022063654.0
008 - ELEMENTOS DE LONGITUD FIJA--INFORMACIÓN GENERAL
campo de control de longitud fija 991125s1971 nue 000 0 spa u
035 ## - NÚMERO DE CONTROL DEL SISTEMA
Número de control de sistema UPN01000030925
049 ## - COLECCIÓN
Colección F
050 #4 - SIGNATURA TOPOGRÁFICA DE LA BIBLIOTECA DEL CONGRESO
Número de clasificación HQ766 R4.3
111 2# - ASIENTO PRINCIPAL--NOMBRE DE REUNION
Nombre de congreso/reunión o jurisdicción como elemento de entrada Reunión Interregional de Expertos sobre los Aspectos de Asistencia Social de la Planificación de la Familia 1971
Fecha del congreso/reunión 1971
Sede del congreso/Lugar de la reunión Nueva York
245 10 - MENCIÓN DE TÍTULO
Título Informe de la Reunión Interregional de Expertos sobre los Aspectos de Asistencia Social de la Planificación de la Familia
260 ## - PUBLICACIÓN, DISTRIBUCIÓN, ETC.
Lugar de publicación, distribución, etc. Nueva York :
Nombre del editor, distribuidor, etc. ONU,
Fecha de publicación, distribución, etc. 1971
300 ## - DESCRIPCIÓN FÍSICA
Extensión iv, 54 p.
650 #7 - ASIENTO SECUNDARIO DE MATERIA - TERMINO TEMATICO
Término de materia o nombre geográfico como elemento de entrada Planificación familiar
Fuente del encabezamiento o término
9 (RLIN) 1109
650 #4 - ASIENTO SECUNDARIO DE MATERIA - TERMINO TEMATICO
Término de materia o nombre geográfico como elemento de entrada Servicio social
9 (RLIN) 6246
902 ## - ELEMENTOS DE DATOS B LOCAL, LDB (RLIN)
Creó CAV CARLOS AGUILAR VILLA
904 ## - ELEMENTOS DE DATOS D LOCAL, LDD (RLIN)
a AC
b 030926
905 ## - TIPO DE MATERIAL
Tipo de material Libro
Holdings
Estado de retiro Estado de pérdida Fuente del sistema de clasificación o colocación Estado dañado No para préstamo Código de colección Localización permanente Ubicación/localización actual Ubicación en estantería Fecha de adquisición Enumeración/cronología de publicación seriada Clasificación Código de barras Fecha visto por última vez Número de copia Tipo de ítem Koha
    Library of Congress Classification   Disponible (Préstamo en sala) Folletería Bib. Gregorio Torres Quintero Bib. Gregorio Torres Quintero Colecciones especiales Planta alta 03/05/2023 - HQ766 R4.3 17393 31/12/2020 1 Folleto